| 000 | 00604nam a2200229Ia 4500 | ||
|---|---|---|---|
| 008 | 180523s9999 xx 000 0 und d | ||
| 020 | _a978-0-471-76244-7 | ||
| 050 | _aMAIN TX 928 | ||
| 050 | _b.J66 2008 | ||
| 100 | _aJones, Thomas J. A. | ||
| 245 | 0 | _aProfessional management of housekeeping operations / | |
| 245 | 0 | _cThomas J. A. Jones. | |
| 250 | _a5th Edition | ||
| 260 | _aNew Jersey : | ||
| 260 | _bJohn Wiley & Sons, | ||
| 260 | _c2008 | ||
| 300 | _a476 pages : | ||
| 300 | _billustrations ; | ||
| 300 | _c29 cm. | ||
| 500 | _aIncludes index. | ||
| 650 | _aHotel housekeeping. | ||
| 999 |
_c357814 _d357814 |
||